Rammstein Songs - Statistics

General Stats
  • This quiz has been taken 95 times
  • The average score is 40 of 88
Answer Stats
Album Song % Correct
Mutter (2001) Sonne
93%
Rammstein (2019) Deutschland
84%
Rosenrot (2005) Rosenrot
84%
Mutter (2001) Mutter
83%
Herzeleid (1995) Rammstein
83%
Reise, Reise (2004) Amerika
80%
Sehnsucht (1997) Du hast
80%
Reise, Reise (2004) Reise, Reise
80%
Zeit (2022) Zeit
77%
Sehnsucht (1997) Engel
73%
Sehnsucht (1997) Sehnsucht
73%
Herzeleid (1995) Herzeleid
70%
Liebe ist für alle da (2009) B********
69%
Rammstein (2019) Radio
68%
Mutter (2001) Feuer frei!
65%
Mutter (2001) Links 2-3-4
60%
Rammstein (2019) Ausländer
59%
Liebe ist für alle da (2009) Liebe ist für alle da
59%
Mutter (2001) Mein Herz brennt
59%
Mutter (2001) Ich will
57%
Reise, Reise (2004) Moskau
57%
Liebe ist für alle da (2009) Pussy
56%
Zeit (2022) Dicke Titten
54%
Liebe ist für alle da (2009) Rammlied
54%
Rosenrot (2005) Benzin
53%
Herzeleid (1995) Du riechst so gut
53%
Reise, Reise (2004) Mein Teil
52%
Reise, Reise (2004) Ohne dich
52%
Reise, Reise (2004) Keine Lust
51%
Zeit (2022) Zick Zack
51%
Rammstein (2019) Puppe
49%
Mutter (2001) Zwitter
48%
Zeit (2022) Adieu
46%
Sehnsucht (1997) Bück dich
46%
Rosenrot (2005) Mann gegen Mann
44%
Zeit (2022) Armee der Tristen
43%
Reise, Reise (2004) Dalai Lama
43%
Liebe ist für alle da (2009) Haifisch
43%
Herzeleid (1995) Seemann
43%
Liebe ist für alle da (2009) Ich tu dir weh
42%
Sehnsucht (1997) Klavier
41%
Reise, Reise (2004) Los
41%
Sehnsucht (1997) Spiel mit mir
41%
Rammstein (2019) Tattoo
41%
Herzeleid (1995) Asche zu Asche
40%
Herzeleid (1995) Der Meister
40%
Herzeleid (1995) Heirate mich
40%
Reise, Reise (2004) Morgenstern
40%
Mutter (2001) Nebel
40%
Mutter (2001) Spieluhr
40%
Sehnsucht (1997) Tier
38%
Herzeleid (1995) Wollt ihr das Bett in Flammen sehen
38%
Mutter (2001) Adios
37%
Reise, Reise (2004) Amour
37%
Zeit (2022) Angst
37%
Mutter (2001) Rein raus
37%
Rammstein (2019) Sex
37%
Liebe ist für alle da (2009) Waidmanns Heil
36%
Herzeleid (1995) Weißes Fleisch
36%
Reise, Reise (2004) Stein um Stein
35%
Sehnsucht (1997) Alter Mann
33%
Sehnsucht (1997) Bestrafe mich
33%
Herzeleid (1995) Laichzeit
33%
Rammstein (2019) Zeig dich
33%
Sehnsucht (1997) Eifersucht
32%
Sehnsucht (1997) Küss mich (Fellfrosch)
32%
Rosenrot (2005) Zerstören
32%
Rammstein (2019) Hallomann
31%
Zeit (2022) Schwarz
31%
Rammstein (2019) Diamant
30%
Rammstein (2019) Was ich liebe
30%
Zeit (2022) Giftig
28%
Zeit (2022) Lügen
28%
Rosenrot (2005) Stirb nicht vor mir (Don't Die Before I Do)
28%
Herzeleid (1995) Das alte Leid
27%
Liebe ist für alle da (2009) Frühling In Paris
27%
Liebe ist für alle da (2009) Wiener Blut
27%
Rosenrot (2005) Feuer und Wasser
26%
Rosenrot (2005) Hilf mir
26%
Zeit (2022) Meine Tränen
26%
Zeit (2022) OK
26%
Liebe ist für alle da (2009) Roter Sand
26%
Rosenrot (2005) Spring
26%
Rosenrot (2005) Wo bist du
26%
Liebe ist für alle da (2009) Mehr
21%
Rammstein (2019) Weit weg
19%
Rosenrot (2005) Ein Leid
17%
Rosenrot (2005) Te quiero puta!
16%
No matching quizzes found
Score Distribution
Percent of People with Each Score
Percentile by Number Answered
Your Score History
You have not taken this quiz